Lippincotts Illustrated Reviews Physiology (Record no. 9845)

MARC details
000 -LEADER
fixed length control field 00337nam a2200133Ia 4500
008 - FIXED-LENGTH DATA ELEMENTS--GENERAL INFORMATION
fixed length control field 220613s9999||||xx |||||||||||||| ||und||
100 ## - MAIN ENTRY--PERSONAL NAME
Author Name Robin R Preston
245 #0 - TITLE STATEMENT
Title Lippincotts Illustrated Reviews Physiology
250 ## - EDITION STATEMENT
Edition 1st(2013)
260 ## - PUBLICATION, DISTRIBUTION, ETC. (IMPRINT)
Name of publisher Lippincott Williams & Wilkins
300 ## - PHYSICAL DESCRIPTION
Page No 518
650 ## - SUBJECT ADDED ENTRY--TOPICAL TERM
Subject Physiology
942 ## - ADDED ENTRY ELEMENTS (KOHA)
Koha item type Pre Clinical
Holdings
Withdrawn status Lost status Source of classification or shelving scheme Damaged status Not for loan Home library Current library Date acquired Total Checkouts Barcode Checked out Date last seen Date checked out Koha item type
    Dewey Decimal Classification     SRHU Library System SRHU Library System 19/05/2023 1 CL0016157 31/12/2040 19/05/2023 19/05/2023 Physiology
    Dewey Decimal Classification     SRHU Library System SRHU Library System 04/12/2023 5 CL0016158   06/03/2024 06/03/2024 Physiology
Designed & Maintained by: SRHU Library System
Central Library, Contact: